Statistics for Extended Royal Family Quiz

Click here to take the quiz!

General Stats

  • This quiz has been taken 1,396 times
    (619 since last reset)
  • The average score is 78 of 115

Answer Stats

Relationship to the Queen Born-Died Title - Name % Correct
Queen's Parent's Sibling1902 - 1942HRH Prince George, Duke of Kent
100%
Queen's Parent1895 - 1952HM King George VI
100%
Queen's Great-Grandchild2013 - PresentHRH Prince George of Cambridge (3)
100%
Queen's Grandparent1865 - 1936HM King George V
100%
Queen's Cousin's Child-in-Law1982 - PresentMr. George Gilman
100%
Queen's Cousin's Child1962 - PresentGeorge Windsor, Earl of St. Andrews (38)
100%
Queen's Child1964 - PresentHRH Prince Edward, Earl of Wessex (11)
99%
Queen's Cousin1935 - PresentHRH Prince Edward, Duke of Kent (37)
99%
Queen's Cousin's Grandchild1988 - PresentEdward Windsor, Lord Downpatrick
99%
Queen's Parent's Sibling1894 - 1972HRH Edward, The Duke of Windsor (formerly HM King Edward VIII)
99%
The Queen and Consort1926 - PresentHM Queen Elizabeth II
99%
Queen's Parent1900 - 2002HM Elizabeth, The Queen Mother
99%
Queen's Great-Grandparent1841 - 1910HM King Edward VII
99%
Queen's Great-Great-Grandparent1819 - 1901HM Queen Victoria
97%
Queen's Parent-in-Law1882 - 1944HRH Prince Andrew of Greece and Denmark
97%
Queen's Sibling's Grandchild1999 - PresentCharles Armstrong-Jones, Viscount Linley (22)
97%
Queen's Child1948 - PresentHRH Charles, Prince of Wales (1)
97%
Queen's Child1960 - PresentHRH Prince Andrew, Duke of York (8)
97%
Queen's Grandchild1982 - PresentHRH Prince William, Duke of Cambridge (2)
96%
Queen's Cousin1941 - 1972HRH Prince William of Gloucester
96%
Queen's Child1950 - PresentHRH Anne, Princess Royal (14)
96%
Queen's Great-Grandchild2018 - PresentHRH Prince Louis of Cambridge (5)
95%
Queen's Uncle-in-Law1900 - 1979Louis, The Earl Mountbatten of Burma
95%
Queen's Cousin's Grandchild2007 - PresentMr. Albert Windsor (40)
95%
Queen's Cousin's Grandchild2014 - PresentMr. Louis Windsor (42)
95%
Queen's Great-Great-Grandparent1819 - 1861HRH Albert, Prince Consort of Saxe-Coburg and Gotha
95%
The Queen and Consort1921 - PresentHRH Prince Philip, Duke of Edinburgh
95%
Queen's Child-in-Law1961 - 1997Diana, Princess of Wales (former) (div. 1996)
94%
Queen's Sister1930 - 2002HRH Princess Margaret, Countess of Snowdon
94%
Queen's Great-Grandchild2015 - PresentHRH Princess Charlotte of Cambridge (4)
93%
Queen's Grandchild1984 - PresentHRH Prince Henry, Duke of Sussex (Prince Harry) (6)
92%
Queen's Parent's Sibling1897 - 1965HRH Mary, Princess Royal and Countess of Harewood
91%
Queen's Grandparent1867 - 1953HM Queen Mary of Teck
91%
Queen's Child-in-Law1959 - PresentSarah, Duchess of York (former) (div. 1996)
91%
Queen's Grandchild-in-Law1982 - PresentHRH Catherine, Duchess of Cambridge
90%
Queen's Grandchild-in-Law1981 - PresentHRH Meghan, Duchess of Sussex
90%
Queen's Sibling's Child1964 - PresentLady Sarah Chatto (24)
89%
Queen's Grandchild1981 - PresentMrs. Zara Tindall (née Phillips) (18)
88%
Queen's Child-in-Law1947 - PresentHRH Camilla, Duchess of Cornwall (m. 2005)
88%
Queen's Grandchild2007 - PresentLord James, Viscount Severn (12)
88%
Queen's Cousin's Child1964 - PresentMr. James Ogilvy (54)
88%
Queen's Grandchild1988 - PresentHRH Princess Beatrice of York (9)
87%
Queen's Grandchild1990 - PresentHRH Princess Eugenie of York (10)
87%
Queen's Grandchild1977 - PresentMr. Peter Phillips (15)
86%
Queen's Grandchild-in-Law1978 - PresentMr. Michael Tindall
86%
Queen's Child-in-Law1965 - PresentHRH Sophie, Countess of Wessex
85%
Queen's Cousin's Child-in-Law1980 - PresentSophie Winkleman, Lady Frederick Windsor
85%
Queen's Sibling-in-Law1914 - 2001HRH Sophie, Princess George of Hanover
85%
Queen's Great-Grandchild2014 - PresentMiss Mia Tindall (19)
82%
Queen's Child-in-Law1948 - PresentCaptain Mark Phillips (former) (div. 1992)
82%
Queen's Parent's Sibling1900 - 1974HRH Prince Henry, Duke of Gloucester
81%
Queen's Grandchild2003 - PresentLady Louise Windsor (13)
81%
Queen's Child-in-Law1955 - PresentSir Timothy Laurence
81%
Queen's Cousin's Child-in-Law1963 - PresentMr. Timothy Taylor
79%
Queen's Cousin1936 - PresentHRH Princess Alexandra, the Honourable Lady Ogilvy (53)
79%
Queen's Great-Grandparent1844 - 1925HM Queen Alexandra of Denmark
79%
Queen's Cousin1942 - PresentHRH Prince Michael of Kent (48)
76%
Queen's Sibling's Child1961 - PresentDavid Armstrong-Jones, 2nd Earl of Snowdon (21)
75%
Queen's Great-Grandchild2018 - PresentMiss Lena Tindall (20)
74%
Queen's Grandchild-in-Law1978 - PresentMrs. Autumn Phillips
74%
Queen's Great-Grandchild2012 - PresentMiss Isla Phillips (17)
74%
Queen's Parent's Sibling1905 - 1919HRH Prince John
74%
Queen's Great-Grandchild2010 - PresentMiss Savannah Phillips (16)
74%
Queen's Cousin1944 - PresentHRH Prince Richard, Duke of Gloucester (27)
73%
Queen's Parent's Sibling's Spouse1901 - 2004HRH Princess Alice, Duchess of Gloucester
71%
Queen's Parent-in-Law1885 - 1969HRH Princess Alice of Battenberg
71%
Queen's Cousin's Child1974 - PresentAlexander Windsor, Earl of Ulster (28)
59%
Queen's Cousin's Grandchild1996 - PresentMr. Alexander Ogilvy (55)
59%
Queen's Sibling's Grandchild1999 - PresentMr. Arthur Chatto (26)
58%
Queen's Cousin's Child1979 - PresentLord Frederick Windsor (49)
57%
Queen's Sibling's Child-in-Law1957 - PresentMr. Daniel Chatto
55%
Queen's Parent's Sibling's Spouse1896 - 1986Wallis, Duchess of Windsor
53%
Queen's Cousin's Child1964 - PresentLady Helen Taylor (nee Windsor) (43)
52%
Queen's Cousin's Grandchild1992 - PresentLady Marina Charlotte Windsor
52%
Queen's Parent's Sibling's Spouse1906 - 1968HRH Princess Marina of Greece and Denmark, Duchess of Kent
52%
Queen's Cousin's Child1966 - PresentMs. Marina Mowatt (57)
52%
Queen's Sibling-in-Law1930 - 2017Antony Armstrong-Jones, 1st Earl of Snowdon (Former) (div. 1978)
52%
Queen's Cousin-in-Law1933 - PresentHRH Katharine, Duchess of Kent
51%
Queen's Sibling's Grandchild1996 - PresentMr. Samuel Chatto (25)
50%
Queen's Cousin's Child1980 - PresentLady Rose Gilman (nee Windsor) (34)
49%
Queen's Cousin's Child1970 - PresentLord Nicholas Windsor
49%
Queen's Sibling-in-Law1905 - 1981HRH Margarita, Princess of Hohenlohe-Langenburg
48%
Queen's Sibling's Grandchild2002 - PresentLady Margarita Armstrong-Jones (23)
48%
Queen's Cousin-in-Law1928 - 2004Sir Angus Ogilvy
46%
Queen's Cousin's Child-in-Law1962 - PresentMr. Paul Mowatt (Former) (div. 1997)
45%
Queen's Cousin's Child1981 - PresentLady Gabriella Windsor (52)
45%
Queen's Cousin-in-Law1945 - PresentHRH Marie Christine, Princess Michael of Kent
44%
Queen's Sibling's Child-in-Law1970 - PresentSerena Armstrong-Jones, Viscountess Linley
42%
Queen's Cousin's Grandchild2013 - PresentMiss Maud Windsor (50)
42%
Queen's Cousin's Grandchild2016 - PresentMiss Isabella Windsor (51)
41%
Queen's Cousin's Child1977 - PresentLady Davina Lewis (nee Windsor) (31)
40%
Queen's Sibling-in-Law1911 - 1937HRH Princess Cecilie, the Hereditary Grand Duchess of Hesse
39%
Queen's Cousin-in-Law1946 - PresentHRH Birgitte, Duchess of Gloucester
36%
Queen's Sibling-in-Law1906 - 1969HRH Princess Theodora, Margravine of Baden
36%
Queen's Cousin's Grandchild2007 - PresentXan Windsor, Lord Culloden (29)
35%
Queen's Cousin's Grandchild1995 - PresentLady Amelia Windsor (39)
35%
Queen's Cousin's Grandchild2009 - PresentMr. Leopold Windsor (41)
33%
Queen's Cousin's Grandchild1994 - PresentMr. Columbus Taylor (44)
32%
Queen's Cousin's Child-in-Law1964 - PresentMrs. Julia Rawlinson
32%
Queen's Cousin's Grandchild2003 - PresentMiss Eloise Taylor (46)
31%
Queen's Cousin's Grandchild1994 - PresentMiss Flora Ogilvy (56)
31%
Queen's Cousin's Child-in-Law1977 - PresentDr. Claire Booth, Countess of Ulster
31%
Queen's Cousin's Child-in-Law1970 - PresentMr. Gary Lewis
31%
Queen's Cousin's Grandchild1993 - PresentMr. Christian Mowatt (58)
30%
Queen's Cousin's Grandchild1996 - PresentMr. Cassius Taylor (45)
30%
Queen's Cousin's Child-in-Law1969 - PresentPaola Doimi de Lupis, Lady Nicholas Windsor
29%
Queen's Cousin's Child-in-Law1957 - PresentSylvana Tomaselli, Countess of St. Andrews
29%
Queen's Cousin's Grandchild2010 - PresentMiss Senna Lewis (32)
27%
Queen's Cousin's Grandchild1990 - PresentMiss Zenouska Mowatt (59)
27%
Queen's Cousin's Grandchild2012 - PresentMr. Rufus Gilman (36)
27%
Queen's Cousin's Grandchild2010 - PresentLady Cosima Windsor (30)
27%
Queen's Cousin's Grandchild2012 - PresentMr. Tane Lewis (33)
26%
Queen's Cousin's Grandchild2010 - PresentMiss Lyla Gilman (35)
25%
Queen's Cousin's Grandchild2004 - PresentMiss Estella Taylor (47)
23%
Queen's Great-Grandchild2019 - PresentMr. Archie Mountbatten-Windsor (7)
18%

Score Distribution

Percentile by Number Answered

Percent of People with Each Score

Your Score History

You have not taken this quiz since the last reset